State Quiz - Paraíba - Statistics

General Stats
  • This quiz has been taken 76 times
    25 since last reset
  • The average score is 12 of 20
Answer Stats
Hint Answer % Correct
State capital João Pessoa
100%
Second largest city Campina Grande
95%
Word on the Paraíba flag, meaning "I refuse" or "I deny" Nego
86%
Bordering states Pernambuco
77%
Easternmost point of South America Ponta do {Seixas}
77%
Bordering states Ceará
68%
Famous footballer from Paraíba, or a Marvel superhero Hulk
68%
Bordering states Rio Grande do Norte
68%
River that ends north of the above Paraíba do Norte
64%
Third largest city Santa {Rita}
64%
Four mesoregions of Paraíba Sertão
64%
Major festival for St. John the Baptist Festa {Junina}
55%
Last name of Paraíba musicians Zé and Elba Ramalho
55%
Four mesoregions of Paraíba Agreste
45%
Four mesoregions of Paraíba Borborema
45%
Four mesoregions of Paraíba Mata
45%
If you sailed directly east of Paraíba, what African country would you land in? Angola
36%
Most of Paraíba was part of this captaincy in 1534, starting with "I" Itamaracá
32%
Country that briefly controlled Paraíba and named the capital Frederikstadt Netherlands
32%
Main crop that motivated that country to take over Sugarcane
23%
No matching quizzes found
Score Distribution
Percent of People with Each Score
Percentile by Number Answered
Your Score History
You have not taken this quiz since the last reset